书目信息 |
| 题名: |
毛南族
|
|
| 作者: | 黄仲盈 著 | |
| 分册: | 19 | |
| 出版信息: | 北京 中国人口出版社 2013 |
|
| 页数: | 167页 | |
| 开本: | 23cm | |
| 丛书名: | 中国少数民族人口丛书 | |
| 单 册: | ||
| 中图分类: | K287.6 , K28 | |
| 科图分类: | ||
| 主题词: | 毛南族--民族文化--中国 | |
| 电子资源: | ||
| ISBN: | 978-7-5101-1827-2 | |
| 000 | 01025oam2 2200289 450 | |
| 001 | 2371670480 | |
| 005 | 20231129002925.81 | |
| 010 | @a978-7-5101-1827-2@dCNY45.00 | |
| 100 | @a20181129d2013 em y0chiy50 ea | |
| 101 | 0 | @achi@eeng |
| 102 | @aCN@b110000 | |
| 105 | @aa z 000yy | |
| 200 | 1 | @a毛南族@Amao nan zu@h19@f黄仲盈著 |
| 210 | @a北京@c中国人口出版社@d2013 | |
| 215 | @a167页@c图@d23cm | |
| 225 | 52 | @a中国少数民族人口丛书@f翟振武主编 |
| 300 | @a国家出版基金项目 | |
| 312 | @a封面英文题名:The Maonan nationality | |
| 330 | @a本书主要内容有土著毛南、傩样人生、石木之工、天人合一、血脉传承、生命律动等,全面介绍了毛南族起源、文化、宗教信仰、民俗、经济发展、人口情况等方面的内容,全景式地展示了毛南族独有的民族特色和民族风情。 | |
| 410 | 0 | @12001 @a中国少数民族人口丛书 |
| 510 | 1 | @aMaonan nationality@zeng |
| 606 | 0 | @a毛南族@x民族文化@y中国 |
| 690 | @aK287.6@v5 | |
| 690 | @aK28@v4 | |
| 701 | 0 | @c(壮)@a黄仲盈@Ahuang zhong ying@4著 |
| 801 | 0 | @aCN@b91MARC@c20181129 |
| 905 | @aZUCC@dK28@e29:19 | |
| 毛南族.19/黄仲盈著.-北京:中国人口出版社,2013 |
| 167页:图;23cm.-(中国少数民族人口丛书/翟振武主编) |
| 国家出版基金项目 |
| ISBN 978-7-5101-1827-2:CNY45.00 |
| 本书主要内容有土著毛南、傩样人生、石木之工、天人合一、血脉传承、生命律动等,全面介绍了毛南族起源、文化、宗教信仰、民俗、经济发展、人口情况等方面的内容,全景式地展示了毛南族独有的民族特色和民族风情。 |
| ● |
| 相关链接 |
|
|
|
正题名:毛南族
索取号:K28/29:19
 
预约/预借
| 序号 | 登录号 | 条形码 | 馆藏地/架位号 | 状态 | 备注 |
| 1 | 2001001399 | 2001001399 | 第四书库/四33架B面4层3列/ [索取号:K28/29:19] | 在馆 | |
| 2 | 2001001400 | 2001001400 | 第四书库/四33架B面4层3列/ [索取号:K28/29:19] | 在馆 | |
| 3 | 2001001401 | 2001001401 | 第四书库/四33架B面4层3列/ [索取号:K28/29:19] | 在馆 | |
| 4 | 2001001402 | 2001001402 | 第四书库/四33架B面4层3列/ [索取号:K28/29:19] | 在馆 | |
| 5 | 2001001403 | 2001001403 | 第四书库/四33架B面4层3列/ [索取号:K28/29:19] | 在馆 | |
| 6 | 2001001404 | 2001001404 | 第四书库/四33架B面4层3列/ [索取号:K28/29:19] | 在馆 |